000
00333nam a22001457a 4500
008
221024b ||||| |||| 00| 0 eng d
020
_a
9780470000441
041
_a
eng
080
_2
FOURTH EDITION
_a
330
082
_a
330 SAM
100
_a
23.2
101
_a
ECO
245
_a
MANAGERIAL ECONOMICS
_c
SAMUELSON W
942
_2
udc
_c
BK
999
_c
58658
_d
58658